000 01230cam a22003011i 4500
003 SA-RiAUC
005 20250211050534.0
008 250210s2000 su g b 00000 ara c
020 _a9960011216
040 _aSA-JeALM
_bara
_cSA-RiAUC
_erda
043 _aa-su---
082 0 4 _a257.5
090 _a257.5
_bغ ا م
100 1 _aالغامدي، ناصر بن محمد مشري
_eمؤلف.
245 1 2 _aالاختصاص القضائي في الفقه الإسلامي مع بيان التطبيق الجاري في المملكة العربية السعودية /
_cتأليف ناصر بن محمد مشري الغامدي.
250 _aالطبعة الأولى.
264 1 _aالرياض :
_bمكتبة الرشد للنشر والتوزيع،
_c2000
300 _a608 صفحة ؛
_c24 سم
336 _aنص
_btxt
_2rdacontent
_3كتاب
337 _aبدون وسيط
_bn
_2rdamedia
338 _aمجلد
_bnc
_2rdacarrier
504 _aببليوجرافية : صفحة 544-582.
650 7 _aالقضاء في الإسلام
_2aucsh
650 7 _aالنظم الإسلامية
_2aucsh
650 7 _aالقضاء
_zالسعودية
_2aucsh
942 _2ddc
_cBOOK
_n0
949 _aSA-JeALM
_d250210
_uosman123
_n1
999 _c5792
_d5792